| 000 | 00838cab a2200289 4500 | ||
|---|---|---|---|
| 001 | ABS52574 | ||
| 008 | 090401t1995 xxu||||| |||| 00| 0 eng d | ||
| 035 | _a(Sirsi) u85120 | ||
| 041 | _aeng | ||
| 245 | _aMIPIM and Europe | ||
| 260 | _c1995 | ||
| 350 | _a0 | ||
| 490 |
_aEstates Gazette _v(9509) 4 March 1995, 87-105(8) |
||
| 520 | _aIncludes items on EU funding, global investment opportunities and the International Council of Shopping Centres conference. | ||
| 650 | _aCROSS-BORDER INVESTMENT | ||
| 650 | _aERDF FUNDING | ||
| 650 | _aEUROPE | ||
| 650 | _aEUROPEAN UNION | ||
| 650 | _aFOREIGN INVESTMENT | ||
| 650 | _aINTERNATIONAL COUNCIL OF SHOPPING CENTRES | ||
| 650 | _aINWARD INVESTMENT | ||
| 650 | _aMIPIM | ||
| 650 | _aSTRUCTURAL FUNDS | ||
| 690 | _aOVERSEAS-EUROPE | ||
| 942 | _n0 | ||
| 948 | _c04/03/1997 | ||
| 999 |
_c53523 _d53523 |
||